|
|
|
|
| LEADER |
01017nam a2200385 4500 |
| 001 |
DLU110127407 |
| 005 |
##20111031 |
| 008 |
##950531s1995 nvua 001 0 eng d |
| 010 |
# |
# |
|a 96142664
|
| 020 |
# |
# |
|a 1884133126 (pbk.)
|
| 035 |
# |
# |
|9 (DLC) 96142664
|
| 035 |
# |
# |
|a (OCoLC)32578381
|
| 040 |
# |
# |
|a CL
|c CL
|d NIIC
|d DLC
|
| 042 |
# |
# |
|a lccopycat
|
| 082 |
# |
# |
|a 005.276
|b JA-K
|
| 100 |
# |
# |
|a Jamsa, Kris A.
|
| 245 |
# |
# |
|a Internet programming /
|c Kris Jamsa, Ken Cope.
|
| 260 |
# |
# |
|a Las Vegas, NV :
|b Jamsa Press,
|c c1995.
|
| 300 |
# |
# |
|a xi, 588 p. :
|b ill. ;
|c 21x30 cm.
|
| 500 |
# |
# |
|a Includes index.
|
| 630 |
# |
# |
|a Microsoft Windows (Computer file)
|
| 650 |
# |
# |
|a Internet programming.
|
| 650 |
# |
# |
|a TCP/IP (Computer network protocol)
|
| 700 |
# |
# |
|a Cope, Ken.
|
| 923 |
# |
# |
|a 01/2011CT
|
| 991 |
# |
# |
|a GT
|
| 992 |
# |
# |
|a 0
|
| 994 |
# |
# |
|a KCT
|
| 900 |
# |
# |
|a True
|
| 911 |
# |
# |
|a Đào Thị Thu Huyền
|
| 925 |
# |
# |
|a G
|
| 926 |
# |
# |
|a A
|
| 927 |
# |
# |
|a SH
|
| 980 |
# |
# |
|a Thư viện Trường Đại học Đà Lạt
|